| 000 | 00982nac a22002411u 4500 | ||
|---|---|---|---|
| 008 | 100214t xxu||||| |||| 00| 0 eng d | ||
| 010 | _a 2006024063 | ||
| 020 | _a0136135536 (alk. paper) | ||
| 082 | 0 | 0 |
_a005.4476 _bTAN |
| 100 |
_aTanenbaum, Andrew S., _911313 |
||
| 245 | 1 | 0 |
_aDistributed systems : _bprinciples and paradigms / _cAndrew S. Tanenbaum, Maarten Van Steen. |
| 250 |
_a2nd. ed; _bPearson International ed. |
||
| 260 |
_aUpper Saddle RIiver, NJ : _bPearson Prentice Hall, _cc.2007. |
||
| 300 |
_a686p.: _bill; _c25cm. |
||
| 500 | _aIncludes Index. | ||
| 500 | _aPearson International ed. | ||
| 504 | _aIncludes bibliographical references and index. | ||
| 650 | 0 |
_aElectronic data processing _xDistributed processing. _911314 |
|
| 650 | 0 |
_911315 _aDistributed operating systems (Computers) |
|
| 700 | 1 |
_aSteen, Maarten van. _911316 |
|
| 856 | 4 | 1 |
_3Table of contents only _uhttp://www.loc.gov/catdir/toc/ecip0617/2006024063.html |
| 942 |
_cBB _k005.4476TAN _2ddc |
||
| 999 |
_c13370 _d13370 |
||